| 000 | 01012cam a2200241 i 4500 | ||
|---|---|---|---|
| 003 | SA-RiAUC | ||
| 005 | 20251029084627.0 | ||
| 008 | 251025s1996 su g f000 0 ara c | ||
| 040 |
_aJO-MaAABU _bara _cSA-RiAUC _erda |
||
| 050 | 0 | 0 | _bI2664. 1996 |
| 082 | 0 | 4 | _a240 |
| 090 |
_a240 _bا ب ن ب |
||
| 100 | 1 |
_aابن باز، عبد العزيز بن عبد الله بن عبد الرحمن، _d1332-1420 هجري _eمؤلف. |
|
| 245 | 1 | 0 |
_aبيان التوحيد الذي بعث الله به الرسل جميعا وبعث به خاتمهم محمدا / _cعبد العزيز بن عبد الله بن باز. |
| 264 | 1 |
_aالرياض : _bإدارة البحوث العلمية والإفتاء، _c1996 |
|
| 300 |
_a99 صفحة؛ _c20 سم. |
||
| 336 |
_aنص _btxt _2rdacontent _3كتاب |
||
| 337 |
_aبدون وسيط _bn _2rdamedia |
||
| 338 |
_aمجلد _bnc _2rdacarrier |
||
| 650 | 7 |
_aعلم الكلام _2aucsh |
|
| 942 |
_2ddc _cBOOK _n0 |
||
| 949 |
_aSA-JeALM _d251025 _umohamedma123 _n1 |
||
| 999 |
_c12762 _d12762 |
||